000 00659nam a2200205 i 4500
001 92025
003 ES-MaACL
005 20230906180900.0
007 t|
008 050317s1993 sp ||||1| spa d
020 _a84-7895-019-2
080 _a728.82(460.27 M.)
245 0 0 _aPalacio de Linares
_b: guía oficial /
_ctexto, Dpto. Editorial de Ollero & Ramos.
260 _a[Madrid] :
_bCasa de América :
_bOllero & Ramos,
_c[1993]
300 _a114 p. :
_bil. col. ;
_c20 cm.
610 2 7 _aPalacio de Linares.
_96093
710 2 _aCasa de América (Madrid)
_92460
710 2 _aOllero & Ramos, Editores.
_96030
852 _aES-MaACL
_jE-10849
_bR.135679
999 _c92025
_d92025